Il kimono rosso /

সংরক্ষণ করুন:
গ্রন্থ-পঞ্জীর বিবরন
প্রধান লেখক: Downer, Lesley
অন্যান্য লেখক: Annoni, Irene
বিন্যাস: গ্রন্থ
ভাষা:ইতালিয়
প্রকাশিত: Milano : Piemme, 2011
মালা:Bestseller ; 334
ট্যাগগুলো: ট্যাগ যুক্ত করুন
কোনো ট্যাগ নেই, প্রথমজন হিসাবে ট্যাগ করুন!

MARC

LEADER 00000nam a22000007i 4500
001 IT\ICCU\UBO\4022684
003 ItRI
005 20260115232111.0
008 130708s2011 it |||||| ||||| |||||c
020 |a 9788856625189 
040 |b ita  |c importazione bologna sebina 
041 7 |a ita  |2 ISO-639-2 
100 1 |a Downer, Lesley  |0 IT\ICCU\RAVV\098733 
240 1 4 |a The courtesan and the samurai.  |3 IT\ICCU\LO1\1340580  |9 Downer, Lesley 
245 1 3 |a Il kimono rosso /  |c Lesley Downer ; traduzione di Irene Annoni. 
260 |a Milano :  |b Piemme,  |c 2011 
300 |a 360 p. ;  |c 20 cm. 
700 1 |a Annoni, Irene  |0 IT\ICCU\UBOV\577397 
752 |a it   |d Milano 
790 1 |a Annoni, Maria Irene  |3 IT\ICCU\LZ1V\055199  |z Annoni, Irene 
790 1 |a Annoni, Mariairene  |3 IT\ICCU\CFIV\348652  |z Annoni, Irene 
830 0 |a Bestseller ;  |v 334  |0 IT\ICCU\PAR\1029359 
942 |2 ddc  |c BK  |n 0 
952 |0 0  |1 0  |4 0  |6 DOC_895_609000000000000_DOW  |7 0  |9 20062  |a BO  |b BO  |d 2026-01-15  |i 17098  |l 0  |o DOC 895.609 DOW  |p BO17098  |r 2026-01-15 23:21:11  |w 2026-01-15  |x [Sebina 5] [1 v.]  |y BK  |z 1 v. 
999 |c 17105  |d 17105